Statistics for World Largest Inland Cities

Click here to take the quiz!

General Stats

  • This quiz has been taken 1,045 times
    (746 since last reset)
  • The average score is 12 of 20

Answers on the Map

Answers color-coded by a green-red scale on the quiz's map according to % correct below.
 

Answer Stats

Population (M)ContinentCity% Correct
27.28AsiaDelhi
85%
16.86EuropeMoscow
84%
20.57North AmericaMexico City
82%
10.98EuropeParis
82%
21.25AsiaBeijing
80%
9.16North AmericaChicago
76%
10.59EuropeLondon
71%
16.55AfricaCairo
68%
21.10South AmericaSao Paulo
66%
9.12AfricaJohannesburg
64%
12.35AfricaKinshasa
61%
13.95AsiaTehran
59%
9.97South AmericaBogota
58%
11.07AsiaLahore
46%
11.43AsiaChengdu
40%
10.92AsiaBangalore
39%
17.43AsiaDhaka
39%
15.10AsiaKolkata
38%
15.98AsiaBangkok
35%
9.60AsiaHyderabad
35%

Score Distribution

Percentile by Number Answered

Percent of People with Each Score

Your Score History

You have not taken this quiz since the last reset